000 00831cam a2200265 4500
001 J64691
008 000000n2001 000 0 eng u
035 _a(Sirsi) u113676
041 _aeng
050 _a711.52
110 _aCB Hillier Parker
_93660
245 _aShopping centres in the pipeline - April, August, October 2001
260 _aLondon
_bCB Hillier Parker
_c2001
300 _a3 pt. ; 30cm.
350 _a0
520 _aAvailable on the CB Hillier Parker website http://www.cbhillierparker.com
650 _aOUT OF TOWN DEVELOPMENT
650 _aSHOPPING CENTRES IN THE PIPELINE
650 _aSHOPPING CENTRES
650 _aRETAIL PROPERTY
650 _aTOWN CENTRE DEVELOPMENTS
690 _aPROPERTY-COMMERCIAL PROPERTY-RETAIL PROPERTY
856 _uhttps://www.cbhillierparker.com
942 _n0
999 _c101541
_d101541